La propiedad del paraíso / (Record no. 53405)

MARC details
000 -LEADER
campo de control de longitud fija 00719nam a2200241 i 4500
001 - NÚMERO DE CONTROL
campo de control 53405
003 - IDENTIFICADOR DE NÚMERO DE CONTROL
campo de control ES-MaACL
005 - FECHA Y HORA DE LA ÚLTIMA TRANSACCIÓN
campo de control 20250822063120.0
007 - CAMPO FIJO DE DESCRIPCIÓN FÍSICA--INFORMACIÓN GENERAL
campo de control de longitud fija t|
008 - DATOS DE LONGITUD FIJA--INFORMACIÓN GENERAL
campo de control de longitud fija 031023s2001 sp ||||0| spa j
020 ## - NÚMERO INTERNACIONAL ESTÁNDAR DEL LIBRO
Número Internacional Estándar del Libro 84-8310-179-3
040 ## - FUENTE DE CATALOGACIÓN
Centro catalogador/agencia de origen M-BN
Lengua de catalogación spa
Centro/agencia transcriptor M-BN
080 ## - NÚMERO DE LA CLASIFICACIÓN DECIMAL UNIVERSAL
Número de la Clasificación Decimal Universal 821.134.2-31"19"
100 1# - ENTRADA PRINCIPAL--NOMBRE DE PERSONA
Nombre de persona Benítez Reyes, Felipe,
Fechas asociadas al nombre 1960-
9 (RLIN) 27647
245 13 - MENCIÓN DEL TÍTULO
Título La propiedad del paraíso /
Mención de responsabilidad, etc. Felipe Benítez Reyes.
250 ## - MENCION DE EDICION
Mención de edición 1ª ed. en colección Andanzas.
260 ## - PUBLICACIÓN, DISTRIBUCIÓN, ETC.
Lugar de publicación, distribución, etc. Barcelona :
Nombre del editor, distribuidor, etc. Tusquets,
Fecha de publicación, distribución, etc. 2001.
300 ## - DESCRIPCIÓN FÍSICA
Extensión 130 p ;
Dimensiones 21 cm.
490 1# - MENCIÓN DE SERIE
Mención de serie Colección Andanzas ;
Designación de volumen o secuencia 451
830 00 - PUNTO DE ACCESO ADICIONAL DE SERIE-TÍTULO UNIFORME
Título uniforme Colección Andanzas
Designación de volumen o secuencia 451
9 (RLIN) 234359
852 ## - LOCALIZACIÓN
Ubicación ES-MaACL
Número de control de estantería L-26547
Sublocalización o colección R.131488
Holdings
Estatus retirado Estado de pérdida Estado de daño No para préstamo Biblioteca de origen Biblioteca actual Ubicación en estantería Fecha de adquisición Fuente de adquisición Total de préstamos Signatura topográfica completa Código de barras Visto por última vez Precio de reemplazo Tipo de ítem Koha
        Biblioteca del Ateneo de Madrid Biblioteca del Ateneo de Madrid Depósito 2 17/01/2008     L-26547 1056115 23/02/2023 23/02/2023 Libro impreso